Detalles MARC
| 000 -LÍDER |
| Campo fijo de descripción fija |
01929nam a2200349 i 4500 |
| 001 - NÚMERO DE CONTROL |
| Campo de control |
768714001 |
| 003 - IDENTIFICADOR DEL NÚMERO DE CONTROL |
| Campo de control |
CO-MdFUSB |
| 005 - FECHA Y HORA DE LA ULTIMA TRANSACCIÓN |
| control field |
20220714161744.0 |
| 007 - CAMPO FIJO DE DESCRIPCIÓN FIJA--INFORMACIÓN GENERAL |
| Campo fijo de descripción fija |
ta |
| 008 - ELEMENTOS DE LONGITUD FIJA -- INFORMACIÓN GENERAL |
| Campo fijo de descripción fija -- Información general |
220527t1932sp sp |||| 00| 0 spa spa |
| 020 ## - NÚMERO INTERNACIONAL NORMALIZADO PARA LIBROS |
| Número Internacional Normalizado del libro |
8475301231 |
| 040 ## - FUENTE DE CATALOGACIÓN |
| Agencia de catalogación original |
CO-MdFUSB |
| Idioma de catalogación |
spa |
| Agencia que realiza la transcripción |
CO-MdFUSB |
| Agencia que realiza la modificación |
CO-MdFUSBC |
| Convenciones de la descripción |
rda |
| 041 ## - CÓDIGO DE IDIOMA |
| Código de idioma para texto/pista de sonido o título separado |
spa |
| Código de idioma original |
por |
| 082 ## - NÚMERO DE CLASIFICACIÓN DECIMAL DEWEY |
| Número de la edición del Dewey |
23 |
| Número de clasificación |
843.92 |
| Clave de autor-Numero de item |
M454 |
| 100 ## - ASIENTO PRINCIPAL--NOMBRE PERSONAL |
| Nombre personal |
Mauriac, François, |
| Término relacionador |
autor |
| 240 ## - TITULO UNIFORME |
| Título uniforme |
<a href="Noeud de vipères.">Noeud de vipères.</a> |
| 245 ## - TÍTULO |
| Título del Material |
Nudo de víboras |
| Mención de responsabilidad, etc. |
/ François Mauriac ; traducido por Fernando Gutiérrez |
| 264 #1 - PRODUCCIÓN, PUBLICACIÓN, DISTRIBUCIÓN, MANUFACTURA, Y COPYRIGHT |
| Lugar de producción, publicación, distribución, manufactura |
España : |
| Nombre del productor, publicador, distribuidor |
Ediciones Orbis, |
| Fecha de producción, publicación, distribución, manufactura, o copyright |
[1932] |
| 264 #4 - PRODUCCIÓN, PUBLICACIÓN, DISTRIBUCIÓN, MANUFACTURA, Y COPYRIGHT |
| Fecha de producción, publicación, distribución, manufactura, o copyright |
© 1932 |
| 300 ## - DESCRIPCIÓN FÍSICA |
| Extensión |
207 páginas |
| Dimensiones |
; 20 cm |
| 336 ## - TIPO DE CONTENIDO |
| Fuente |
rdacontent |
| Término de tipo de contenido |
texto |
| Código de tipo de contenido |
txt |
| 337 ## - TIPO DE MEDIO |
| Fuente |
rdamedia |
| Nombre del tipo de medio |
sin mediación |
| Código del tipo de medio |
n |
| 338 ## - TIPO DE SOPORTE |
| Fuente |
rdacarrier |
| Nombre del tipo de soporte |
volumen |
| Código Tipo de soporte |
nc |
| 490 ## - MENCIÓN DE SERIE |
| Mención de serie |
Los Premios Nobel, |
| 500 ## - NOTA GENERAL |
| Nota General |
Ganador del Nobel en 1952 |
| 520 ## - NOTA DE RESUMEN, ETC. |
| Nota de sumario, etc. |
Un abogado millonario de origen campesino escribe, a los sesenta y ocho años, una carta “de despedida” a su mujer, descendiente de una familia de la alta burguesía rural landesa. Éste es el arranque de Nudo de víboras, el monólogo de un avaro resentido que, como una fiera que se defiende agazapada en el fondo de su guarida, decide repasar su vida y la de los suyos dejándose llevar por el más inhumano de los instintos: la venganza. La honesta lucidez de Mauriac alcanza en Nudo de víboras las cotas más altas. El artefacto de su estilo halla el equilibrio perfecto, la indescifrable gracia “artística”: todo está en su sitio, pulsando las cuerdas de la emoción, llenando al lector de visiones que permanecen largo tiempo en la retina interior... Una obra maestra que hace pensar en un Dostoyevski reconcentrado, y que la crítica ha situado en lo más alto de la novela francesa del siglo XX. |
| 563 ## - NOTA DE ENCUADERNACIÓN |
| Nota de encuadernación |
Pasta dura |
| 650 #7 - ASIENTO SECUNDARIO DE MATERIA - TERMINO TEMÁTICO |
| 9 (RLIN) |
2654 |
| Término temático o nombre geográfico como elemento de entrada |
Literatura francesa |
| 700 ## - ASIENTO SECUNDARIO - NOMBRE PERSONAL |
| 9 (RLIN) |
6589 |
| Nombre personal |
Gutiérrez, Fernando, |
| Responsabilidad |
autor |
| 942 ## - TIPO DE MATERIAL (KOHA) |
| Tipo de Item KOHA |
Libros General |
| 945 ## - INFORMACIÓN LOCAL DEL REGISTRO |
| Catalogador |
JTF-925 |